书目信息 |
| 题名: |
中国文化要略
|
|
| 作者: | 程裕祯 著 | |
| 分册: | ||
| 出版信息: | 北京 外语教学与研究出版社 1998.5 |
|
| 页数: | 469页 | |
| 开本: | 20cm | |
| 丛书名: | ||
| 单 册: | ||
| 中图分类: | K203 | |
| 科图分类: | 22.3 | |
| 主题词: | 文化史--中国--对外汉语教学--教学参考资料 | |
| 电子资源: | ||
| ISBN: | 7-5600-1407-0 | |
| 000 | 00693nam0 2200241 45 | |
| 001 | 0198056685 | |
| 005 | 20050112144255.62 | |
| 010 | @a7-5600-1407-0@dCNY 18.90 | |
| 100 | @a20040421e20041998em y0chiy0121 ea | |
| 101 | 0 | @achi |
| 102 | @aCN@b110000 | |
| 105 | @af z 000yy | |
| 200 | 10 | @a中国文化要略@Azhong guo wen hua yao lue@f程裕祯著 |
| 205 | @a第2版 | |
| 210 | @a北京@c外语教学与研究出版社@d1998.5@h2004.7重印 | |
| 215 | @a469页@c图@d20cm | |
| 300 | @a国家对外汉语教师资格考试用书 | |
| 606 | @a文化史@y中国@x对外汉语教学@x教学参考资料 | |
| 690 | @aK203@v3 | |
| 692 | @a22.3@v2 | |
| 701 | 0 | @a程裕祯@Acheng yu zhen@4著 |
| 801 | 0 | @aCN@bNLC@c20050112 |
| 905 | @a10447@dK203@eC780 | |
| 中国文化要略/程裕祯著.-第2版.-北京:外语教学与研究出版社,1998.5(2004.7重印) |
| 469页:图;20cm |
| 国家对外汉语教师资格考试用书 |
| ISBN 7-5600-1407-0:CNY 18.90 |
| ● |
| 相关链接 |
|
|
|
正题名:中国文化要略
索取号:K203/C780
 
预约/预借
| 序号 | 登录号 | 条形码 | 馆藏地/架位号 | 状态 | 备注 |
| 1 | 436369 | 204363697 | 社科库309/309社科库 105排6列2层/ [索取号:K203/C780] | 在馆 | |
| 2 | 436370 | 204363704 | 社科库309/309社科库 105排6列2层/ [索取号:K203/C780] | 在馆 | |
| 3 | 436371 | 204363713 | 社科库309/309社科库 105排6列2层/ [索取号:K203/C780] | 在馆 | |
| 4 | 436372 | 204363722 | 社科库309/309社科库 105排6列2层/ [索取号:K203/C780] | 在馆 | |
| 5 | 436373 | 204363731 | 社科库309/309社科库 105排6列2层/ [索取号:K203/C780] | 在馆 |